Městské části Brna - Statistics

General Stats
  • This quiz has been taken 20 times
  • The average score is 15 of 29
Answer Stats
Počet obyvatel Odpověď % Correct
30 155 Královo Pole
94%
24 714 Bystrc
89%
26 266 Líšeň
83%
21 262 Žabovřesky
83%
7 984 Komín
72%
11 104 Slatina
72%
14 212 Bohunice
67%
22 573 Židenice
67%
70 857 Brno-střed
61%
12 172 Vinohrady
61%
5 674 Tuřany
56%
2 602 Bosonohy
50%
48 382 Brno-sever
50%
6 103 Medlánky
50%
10 284 Nový Lískovec
50%
12 782 Starý Lískovec
50%
3 613 Chrlice
44%
1 997 Ivanovice
44%
12 078 Kohoutovice
44%
6 222 Žebětín
44%
8 374 Černovice
39%
920 Útěchov
39%
4 617 Jundrov
33%
1 105 Kníničky
33%
9 258 jih
28%
6 376 Maloměřice a Obřany
28%
607 Ořešín
28%
15 127 Řečkovice a Mokrá Hora
28%
1 090 Jehnice
22%
No matching quizzes found
Score Distribution
Percent of People with Each Score
Percentile by Number Answered
Your Score History
You have not taken this quiz